| 000 | 00965nam a22001817a 4500 | ||
|---|---|---|---|
| 003 | OSt | ||
| 005 | 20251117152535.0 | ||
| 008 | 251117b |||||||| |||| 00| 0 eng d | ||
| 040 | _cDCL | ||
| 082 | _a၂၉၄.၃၈၂၃၅၃ | ||
| 130 |
_aတိပိဋက။ _pသုတ္တန္တပိဋက။ _pခုဒ္ဒကနိကာယ။ _tဇာတက၊ _lအဋ္ဌကထာ၊ _sနိဿယ။ |
||
| 245 |
_aဇာတကအဋ္ဌကထာ နိဿယ၊ _nပထမတွဲ၊ (ဧကကနိပါတ်) / _cဘဒ္ဒန္တသုဇနာဘိဝံသ။ |
||
| 264 |
_aရန်ကုန် ၊ _bသာသနာရေးဦးစီး၊ _c၂၀၁၄။ |
||
| 300 |
_a၇၆၀ စာမျက်နှာ ၊ _c၂၀ စင်တီ။ |
||
| 650 |
_aဇာတက _vအဋ္ဌကထာနိဿယ။ |
||
| 700 | _aသုဇနာဘိဝံသ၊ဘဒ္ဒန္တ | ||
| 942 |
_2ddc _cSHORT TERM _n0 |
||
| 999 |
_c2495 _d2495 |
||